|
|
|
|
| LEADER |
00000nam0a2200000 4500 |
| 001 |
131225 |
| 005 |
20231031134310.0 |
| 010 |
|
|
|a 5283015513
|
| 020 |
|
|
|a RU
|b 91-47111
|
| 035 |
|
|
|a (RuTPU)RU\TPU\book\142122
|
| 090 |
|
|
|a 131225
|
| 100 |
|
|
|a 20080214d1991 m a0rusy5003 ca
|
| 101 |
0 |
|
|a rus
|
| 102 |
|
|
|a RU
|
| 105 |
|
|
|a a z 001zy
|
| 200 |
1 |
|
|a Портативные осциллографы с цифровыми измерениями параметров сигнала
|f В. Н. Вишневский, В. М. Немировский, А. А. Рогачев
|
| 210 |
|
|
|a Москва
|c Энергоатомиздат
|d 1991
|
| 215 |
|
|
|a 159 с.
|c ил.
|
| 320 |
|
|
|a Библиогр.: с. 156-159.
|
| 610 |
1 |
|
|a осциллографы
|
| 610 |
1 |
|
|a цифровые измерения
|
| 675 |
|
|
|a 621.317.75
|v 3
|
| 700 |
|
1 |
|a Вишневский
|b В. Н.
|g Виталий Николаевич
|
| 701 |
|
1 |
|a Немировский
|b В. М.
|g Владимир Моисеевич
|
| 701 |
|
1 |
|a Рогачев
|b А. А.
|g Александр Альбертович
|
| 801 |
|
0 |
|a RU
|b RuMRKP
|c 19950417
|g psbo
|
| 801 |
|
1 |
|a RU
|b 63413507
|c 20080214
|g PSBO
|
| 801 |
|
2 |
|a RU
|b 63413507
|c 20081021
|g PSBO
|
| 942 |
|
|
|c BK
|